Yüklüyor......

Indian veterinary science congress: with special focus on wildlife conservation & food safty problems, prospects and stragies

Detaylı Bibliyografya
Yazar: IVA Indian veterinary Associati
Materyal Türü: Printed Book
Dil:Undetermined
Baskı/Yayın Bilgisi: COVASM 2003
Mannuthy
Konular:
LEADER 00734nam a2200217Ia 4500
008 141122s9999 xx 000 0 und d
040 |c . 
041 |a English 
082 |a 333.95416 
082 |b RAG 
100 |a IVA Indian veterinary Associati 
245 |a Indian veterinary science congress: with special focus on wildlife conservation & food safty problems, prospects and stragies 
245 |c IVA Indian veterinary Associati 
260 |b COVASM 
260 |b Mannuthy 
260 |c 2003 
650 |a Indian veterinary association 
650 |a Proceedings 
942 |c REF 
999 |c 2349  |d 2349 
952 |0 0  |1 0  |4 0  |6 333_954160000000000_RAG  |7 0  |9 2326  |a COVAS  |b COVAS  |d 0000-00-00  |o 333.95416 RAG  |p 17638  |r 2014-11-26  |w 2014-11-26  |y REF